[Event "Heusenstamm Sparkassen op-A 5th"]
[Site "Heusenstamm"]
[Date "2018.11.23"]
[Round "3"]
[White "Kersten, Uwe"]
[Black "Muedder, Rafael"]
[Result "1-0"]
[WhiteElo "2233"]
[BlackElo "1994"]
[PlyCount "39"]
[EventDate "2018.11.22"]
[EventType "swiss"]
[EventRounds "7"]
[EventCountry "GER"]
[SourceTitle "CBM 188 Extra"]
[Source "ChessBase"]
[SourceDate "2019.02.26"]
[SourceVersion "1"]
[SourceVersionDate "2019.02.26"]
[SourceQuality "1"]

1. d4 d5 2. Bf4 c6 3. Nf3 Qb6 4. Qc1 Bf5 5. e3 Nf6 6. h3 h6 7. Be2 e6 8. Nbd2 Na6 9. a3 c5 10. c4 Be7 11. b4 cxb4 12. c5 Qa5 13. axb4 Qxb4 14. 0-0 0-0 15. Ra3 Bd8 16. Bd6 Ne4 17. Nxe4 Bxe4 18. Nd2 Bg6 19. Rb3 Qa5 20. Qb2 1-0

[Event "Solingen Karneval op"]
[Site "Solingen"]
[Date "2017.02.26"]
[Round "4"]
[White "Muedder, Rafael"]
[Black "Asadzade, Idris"]
[Result "1-0"]
[WhiteElo "2029"]
[BlackElo "1835"]
[PlyCount "133"]
[EventDate "2017.02.24"]
[EventType "swiss"]
[EventRounds "5"]
[EventCountry "GER"]
[SourceTitle "EXT 2018"]
[Source "ChessBase"]
[SourceDate "2017.10.13"]
[SourceVersion "1"]
[SourceVersionDate "2017.10.13"]
[SourceQuality "1"]

1. e4 e6 2. d4 d5 3. Nd2 Be7 4. c3 c5 5. Bd3 Nf6 6. Ngf3 Nc6 7. 0-0 0-0 8. dxc5 Bxc5 9. exd5 exd5 10. Nb3 Bd6 11. Bg5 Bg4 12. h3 Be6 13. Bc2 Be7 14. Re1 Qd6 15. Qd3 g6 16. Nbd4 Ne4 17. Bxe7 Qxe7 18. Qe3 f5 19. Nxe6 Qxe6 20. Nd4 Qf6 21. f3 Nxd4 22. Qxd4 Qxd4+ 23. cxd4 Nf6 24. Re7 Rf7 25. Rae1 Kf8 26. Rxf7+ Kxf7 27. Bb3 Re8 28. Re5 Rd8 29. Kf2 b5 30. Ke1 a5 31. a3 Rd7 32. Kd2 h6 33. g4 fxg4 34. hxg4 g5 35. Re1 Rc7 36. Re5 Rd7 37. Re1 Rc7 38. Rh1 Kg7 39. Re1 Kf7 40. Re3 Rc6 41. Re5 Rd6 42. Ba2 Rd7 43. Bb1 Rc7 44. Bd3 Rb7 45. Re1 Nd7 46. Rc1 b4 47. a4 Nf6 48. Rc5 Ra7 49. Bb5 Ke6 50. Rc6+ Ke7 51. Bd3 Kf7 52. Bf5 Ke7 53. Re6+ Kf7 54. Rc6 Ke7 55. Re6+ Kf7 56. Rb6 Ke7 57. Rb8 Kf7 58. Rh8 Kg7 59. Rc8 Kf7 60. Bd3 Kg7 61. Kc2 Kf7 62. Kd2 Kg7 63. Bb5 Kf7 64. Rd8 Rc7 65. Ra8 h5 66. gxh5 Nxh5 67. Be8+ 1-0

[Event "Cologne Longerich op-A 13th"]
[Site "Cologne"]
[Date "2016.08.13"]
[Round "2"]
[White "Muedder, Rafael"]
[Black "Arlt, Klaus"]
[Result "0-1"]
[WhiteElo "2030"]
[BlackElo "2054"]
[PlyCount "110"]
[EventDate "2016.08.12"]
[EventType "swiss"]
[EventRounds "5"]
[EventCountry "GER"]
[SourceTitle "EXT 2022"]
[Source "ChessBase"]
[SourceDate "2021.10.06"]
[SourceVersion "1"]
[SourceVersionDate "2021.10.06"]
[SourceQuality "1"]

1. e4 c6 2. Nf3 d5 3. exd5 cxd5 4. Ne5 a6 5. d4 Nf6 6. Bd3 Nc6 7. c3 g6 8. 0-0 Bg7 9. Bg5 0-0 10. f4 Ne4 11. Bxe4 dxe4 12. Nd2 Nxe5 13. fxe5 f6 14. Bh4 g5 15. Bf2 f5 16. g4 e6 17. Qb3 Kh8 18. Nc4 Qd5 19. Nd6 b5 20. gxf5 Qxb3 21. axb3 exf5 22. Ra5 Be6 23. Rfa1 Bxb3 24. Rxa6 Rxa6 25. Rxa6 Bc2 26. e6 f4 27. e7 e3 28. exf8Q+ Bxf8 29. Nf7+ Kg7 30. Nxg5 exf2+ 31. Kxf2 Be7 32. Ne6+ Kf6 33. Nxf4+ Kf5 34. Ng2 Bd3 35. Ra7 Bg5 36. Rxh7 Bc1 37. Ne3+ Kf4 38. Nd1 Bxh7 39. b3 Bc2 40. Ke2 Bxb3 41. Nf2 Bc4+ 42. Kd1 Ba3 43. Kd2 Bf8 44. Nd3+ Ke4 45. Ne5 Bb3 46. Kc1 Ba3+ 47. Kd2 Bd6 48. Nd3 Bc4 49. Nc5+ Bxc5 50. dxc5 Kd5 51. h4 Kxc5 52. h5 Bg8 53. h6 Bh7 54. Kc1 Kc4 55. Kb2 Bg6 0-1

[Event "Cologne Longerich op-A 13th"]
[Site "Cologne"]
[Date "2016.08.12"]
[Round "1"]
[White "Schmidt, Johannes"]
[Black "Muedder, Rafael"]
[Result "1/2-1/2"]
[WhiteElo "2145"]
[BlackElo "2030"]
[PlyCount "39"]
[EventDate "2016.08.12"]
[EventType "swiss"]
[EventRounds "5"]
[EventCountry "GER"]
[SourceTitle "EXT 2022"]
[Source "ChessBase"]
[SourceDate "2021.10.06"]
[SourceVersion "1"]
[SourceVersionDate "2021.10.06"]
[SourceQuality "1"]

1. c4 e5 2. g3 Nf6 3. Bg2 c6 4. d4 exd4 5. Qxd4 Qb6 6. Qxb6 axb6 7. Nc3 Bb4 8. Bd2 d6 9. Nf3 Be6 10. b3 d5 11. cxd5 Bxd5 12. Nxd5 Nxd5 13. Nd4 Bxd2+ 14. Kxd2 Ne7 15. Kc3 Nd7 16. Kb2 0-0 17. Rad1 Rfd8 18. Rd2 Kf8 19. Rhd1 Ke8 20. e4 1/2-1/2